The invisible gorilla (Record no. 1193)

000 -LEADER
fixed length control field 00568nam a22002297a 4500
005 - DATE AND TIME OF LATEST TRANSACTION
control field 20210426114923.0
008 - FIXED-LENGTH DATA ELEMENTS--GENERAL INFORMATION
fixed length control field 210204b2010 ||||| |||| 00| 0 eng d
020 ## - INTERNATIONAL STANDARD BOOK NUMBER
International Standard Book Number 9780307459657
040 ## - CATALOGING SOURCE
Transcribing agency DLC
041 ## - LANGUAGE CODE
Language code of text/sound track or separate title eng
080 ## - UNIVERSAL DECIMAL CLASSIFICATION NUMBER
Universal Decimal Classification number 15
Item number C-43
100 ## - MAIN ENTRY--PERSONAL NAME
9 (RLIN) 786
Personal name Christopher,Chabris
245 ## - TITLE STATEMENT
Title The invisible gorilla
250 ## - EDITION STATEMENT
Remainder of edition statement First edition
260 ## - PUBLICATION, DISTRIBUTION, ETC.
Place of publication, distribution, etc. New York :
Name of publisher, distributor, etc. crovn
Date of publication, distribution, etc. 2010
300 ## - PHYSICAL DESCRIPTION
Extent 306 p. :
365 ## - TRADE PRICE
Price type code 27.00 USD
650 #0 - SUBJECT ADDED ENTRY--TOPICAL TERM
9 (RLIN) 134
Topical term or geographic name entry element Psychology
653 ## - INDEX TERM--UNCONTROLLED
Uncontrolled term ფსიქოლოგია
700 ## - ADDED ENTRY--PERSONAL NAME
9 (RLIN) 787
Personal name Simons,Daniel
942 ## - ADDED ENTRY ELEMENTS (KOHA)
Source of classification or shelving scheme
Koha item type Books
Holdings
Withdrawn status Lost status Source of classification or shelving scheme Damaged status Not for loan Permanent location Current location Date acquired Inventory number Total Checkouts Full call number Barcode Date last seen Price effective from Koha item type
          Ken Walker International University Ken Walker International University 02/04/2021 693   15 C-43 693 02/04/2021 02/04/2021 Books

Powered by Koha